Eurovision 2025 Song to Country - Statistics

General Stats
  • This quiz has been taken 869 times
  • The average score is 32 of 37
Answer Stats
Hint Answer % Correct
Tommy Cash - Espresso Macchiato Estonia
94%
KAJ - Bara bada bastu Sweden
92%
Go-Jo - Milkshake Man Australia
91%
Erika Vikman - Ich komme Finland
91%
Kyle Alessandro - Lighter Norway
91%
Remember Monday - What the Hell Just Happened? United Kingdom
91%
JJ - Wasted Love Austria
90%
Louane - maman France
89%
Abor & Tynna - Baller Germany
89%
Lucio Corsi - Volevo essere un duro Italy
89%
Miriana Conte - SERVING Malta
89%
Gabry Ponte - Tutta L'Italia San Marino
89%
Laura Thorn - La poupée monte de son Luxembourg
88%
Claude - C'est la vie Netherlands
88%
Melody - Esa diva Spain
88%
Væb - Róa Iceland
87%
Yuval Raphael - New Day Will Rise Israel
87%
Red Sebastian - Strobe Lights Belgium
86%
Emmy - Laika Party Ireland
86%
Justyna Steczkowska - Gaja Poland
86%
Zoë Më - Voyage Switzerland
86%
Sissal - Hallucination Denmark
85%
Ziferblat - Bird of Pray Ukraine
85%
Shkodra Elektronike - Zjerm Albania
84%
PARG - Survivor Armenia
84%
Klavdia - Asteromata Greece
84%
Napa - Deslocado Portugal
83%
Marko Bošnak - Poison Cake Croatia
82%
Theo Evan - Shh Cyprus
81%
Adonxs - Kiss Kiss Goodbye Czechia
79%
Tautumeitas - Bur man laimi Latvia
79%
Katarsis - Tavo akys Lithuania
79%
Princ - Mila Serbia
78%
Klemen - How Much Time Do We Have Left Slovenia
77%
Mamagama - Run With U Azerbaijan
75%
Nina Žižić - Dobrodošli Montenegro
75%
Mariam Shengelia - Freedom Georgia
74%
No matching quizzes found
Score Distribution
Percent of People with Each Score
Percentile by Number Answered
Your Score History
You have not taken this quiz